| 000 | 00424nam a22001697a 4500 | ||
|---|---|---|---|
| 999 |
_c8908 _d8908 |
||
| 003 | GBCCL | ||
| 005 | 20241126110701.0 | ||
| 008 | 220121b ||||| |||| 00| 0 eng d | ||
| 040 | _cgbc | ||
| 082 |
_a248.4 _bHAN |
||
| 100 |
_aHangluah, Lian _915627 |
||
| 245 |
_aMelange _cby H Kapginlian |
||
| 260 |
_aLamka: _bH Ningzangai and family , _c2020. |
||
| 300 | _a177p. ; | ||
| 650 |
_aShort stories _911127 |
||
| 942 |
_2ddc _cBK |
||